Manuel Aurelio Tavárez Justo : (Registro nro. 7796)

Detalles MARC
000 -LEADER
fixed length control field 00965nam a2200301 a 4500
001 - CONTROL NUMBER
control field 000024779
003 - CONTROL NUMBER IDENTIFIER
control field DO-SdBNP
005 - DATE AND TIME OF LATEST TRANSACTION
control field 20150904095420.0
007 - PHYSICAL DESCRIPTION FIXED FIELD--GENERAL INFORMATION
fixed length control field 000024779
008 - FIXED-LENGTH DATA ELEMENTS--GENERAL INFORMATION
fixed length control field 110204s2007 dr a 000 0 spa d
020 ## - INTERNATIONAL STANDARD BOOK NUMBER
International Standard Book Number 9993476846
040 ## - CATALOGING SOURCE
Original cataloging agency BPMET
Language of cataloging spa
Transcribing agency BPMET
092 ## - LOCALLY ASSIGNED DEWEY CALL NUMBER (OCLC)
Classification number xxx
Item number T231C
100 1# - MAIN ENTRY--PERSONAL NAME
Personal name Cassá, Roberto
Titles and words associated with a name 1948-
245 10 - TITLE STATEMENT
Title Manuel Aurelio Tavárez Justo :
Remainder of title líder de la juventud /
Statement of responsibility, etc. Roberto Cassá.
250 ## - EDITION STATEMENT
Edition statement 2a. ed.
260 ## - PUBLICATION, DISTRIBUTION, ETC. (IMPRINT)
Place of publication, distribution, etc. Santo Domingo :
Name of publisher, distributor, etc. TOBOGÁN,
Date of publication, distribution, etc. 2007
300 ## - PHYSICAL DESCRIPTION
Extent 104 P. :
Other physical details il. ;
Dimensions 22 cm.
490 1# - SERIES STATEMENT
Series statement Biografías dominicanas Tobogán
504 ## - BIBLIOGRAPHY, ETC. NOTE
Bibliography, etc Bibliografía : P. 103-104
830 #0 - SERIES ADDED ENTRY--UNIFORM TITLE
Uniform title Biografías dominicanas Tobogán
930 #1 - EQUIVALENCE OR CROSS-REFERENCE-UNIFORM TITLE HEADING [LOCAL, CANADA]
Language of a work BND01
Medium of performance for music LF1
Field link and sequence number 20110318
Date of a work 04
Name of part/section of a work MI
Miscellaneous information 15856
Medium e. 3
930 #1 - EQUIVALENCE OR CROSS-REFERENCE-UNIFORM TITLE HEADING [LOCAL, CANADA]
Language of a work BND01
Medium of performance for music LF1
Field link and sequence number 20110318
Date of a work 01
Name of part/section of a work MI
Miscellaneous information 15856
Medium e. 2
942 ## - ADDED ENTRY ELEMENTS (KOHA)
Source of classification or shelving scheme Dewey Decimal Classification
Koha item type Libros
956 ## - LOCAL ELECTRONIC LOCATION AND ACCESS (OCLC)
Host name IGARCIA
Access number 10
Compression information 20110204
Logon BND01
Processor of request 1342
956 ## - LOCAL ELECTRONIC LOCATION AND ACCESS (OCLC)
Host name NMORDAN
Access number 10
Compression information 20110204
Logon BND01
Processor of request 1450
956 ## - LOCAL ELECTRONIC LOCATION AND ACCESS (OCLC)
Host name VMATEO
Access number 10
Compression information 20150505
Logon BPMSU
Processor of request 00151
Existencias
Withdrawn status Lost status Source of classification or shelving scheme Damaged status Not for loan Home library Current library Date acquired Total Checkouts Barcode Date last seen Price effective from Koha item type
    Dewey Decimal Classification     Biblioteca Pública Metropolitana Salomé Ureña Biblioteca Pública Metropolitana Salomé Ureña 05/05/2015   BPMSU15051559 05/05/2015 05/05/2015 Libros